| 000 | 00630pab a2200205 454500 | ||
|---|---|---|---|
| 008 | 180718b1996 xxu||||| |||| 00| 0 eng d | ||
| 245 | _aDIVERSIFICATION of agriculture and food security in the context of new economic policy | ||
| 260 | _c1996 | ||
| 300 | _ap.636-712 | ||
| 362 | _aOct-Dec | ||
| 650 | _aIndia - Economic policy | ||
| 650 | _aEconomic planning | ||
| 650 | _aFarm produce - India | ||
| 650 | _aRationing, Consumer - India | ||
| 650 | _aPublic distribution system - India | ||
| 650 | _aAgriculture - India | ||
| 650 | _aAgriculture | ||
| 773 | _aIndian Journal of Agricultural Economics | ||
| 909 | _a33056 | ||
| 999 |
_c33056 _d33056 |
||